[Event "XXXVIII C.to Italiano"]
[Site "Castelvecchio Pascoli ITA"]
[Date "1977.10.??"]
[Round "10"]
[White "Cosulich, Roberto"]
[Black "Valenti, Giuseppe"]
[Result "1/2-1/2"]
[WhiteElo "2425"]
[BlackElo "2240"]
[PlyCount "76"]
[EventDate "1977.10.13"]

1. Nf3 Nf6 2. c4 g6 3. Nc3 Bg7 4. g3 d6 5. d4 O-O 6. Bg2 Nbd7 7. O-O e5 8. e4
Re8 9. h3 exd4 10. Nxd4 Nc5 11. Re1 a5 12. Ndb5 Be6 13. b3 Bd7 14. Nd4 c6 15.
Bf4 Qb6 16. Bxd6 Nfxe4 17. Bxe4 Nxe4 18. Nxe4 Qxd4 19. Qxd4 Bxd4 20. Rad1 Bg7
21. g4 b5 22. Nc5 Rxe1+ 23. Rxe1 Re8 24. Rd1 Bc8 25. Bc7 Bf8 26. Nd7 Bxd7 27.
Rxd7 bxc4 28. bxc4 Re4 29. Bxa5 Rxc4 30. Bd8 h6 31. Ra7 Bc5 32. Ra8 Kg7 33. Bc7
Bd4 34. a4 Rc2 35. Bg3 c5 36. a5 Ra2 37. Kg2 c4 38. Rd8 Bf6 1/2-1/2

[Event "XXXVIII C.to Italiano"]
[Site "Castelvecchio Pascoli ITA"]
[Date "1977.10.??"]
[Round "10"]
[White "De Eccher, Stefano"]
[Black "Mariotti, Sergio"]
[Result "0-1"]
[WhiteElo "2110"]
[BlackElo "2490"]
[PlyCount "44"]
[EventDate "1977.10.13"]

1. e4 e5 2. Nf3 Nc6 3. Bb5 Nge7 4. O-O d6 5. c3 Bd7 6. d4 h6 7. Be3 Ng6 8. Qe2
a6 9. Ba4 Be7 10. Rd1 Qc8 11. Nbd2 O-O 12. Nf1 Nxd4 13. Nxd4 Bxa4 14. Nf5 Re8
15. Qh5 Bf8 16. N1g3 Nf4 17. Qg4 g6 18. Bxf4 exf4 19. Nh5 Bxd1 20. Rxd1 Kh8 21.
Qxf4 gxf5 22. exf5 Re5 0-1

[Event "XXXVIII C.to Italiano"]
[Site "Castelvecchio Pascoli ITA"]
[Date "1977.10.??"]
[Round "10"]
[White "Tatai, Stefano"]
[Black "Spinetti, Paolo"]
[Result "1/2-1/2"]
[WhiteElo "2480"]
[BlackElo "2110"]
[PlyCount "67"]
[EventDate "1977.10.13"]

1. d4 Nf6 2. c4 g6 3. Nc3 d5 4. Nf3 Bg7 5. Qa4+ c6 6. cxd5 Nxd5 7. e4 Nb6 8.
Qc2 O-O 9. Be3 N8d7 10. a4 a5 11. Rd1 Nf6 12. Be2 Bg4 13. O-O h6 14. h3 Be6 15.
Ne5 Ne8 16. f4 Nd6 17. b3 Qc7 18. g4 Bd7 19. Rf3 Be8 20. Bd3 f6 21. Nc4 Ndxc4
22. bxc4 Bf7 23. Ne2 Nd7 24. e5 g5 25. fxg5 fxg5 26. Rdf1 Be6 27. Bf5 Bxf5 28.
Rxf5 e6 29. Rxf8+ Rxf8 30. Rxf8+ Nxf8 31. c5 b5 32. cxb6 Qxb6 33. Ng3 Bxe5 34.
Ne2 1/2-1/2

[Event "XXXVIII C.to Italiano"]
[Site "Castelvecchio Pascoli ITA"]
[Date "1977.10.??"]
[Round "10"]
[White "Toth, Bela"]
[Black "Rupeni, Franco"]
[Result "1-0"]
[WhiteElo "2440"]
[BlackElo "2105"]
[PlyCount "57"]
[EventDate "1977.10.13"]

1. d4 Nf6 2. c4 c5 3. d5 e6 4. Nc3 exd5 5. cxd5 d6 6. Nf3 g6 7. Nd2 Bg7 8. Nc4
O-O 9. Bg5 Re8 10. e3 a6 11. a4 Qc7 12. Bf4 Bf8 13. Be2 Nbd7 14. a5 b5 15. axb6
Nxb6 16. Na5 Ne4 17. Nxe4 Rxe4 18. O-O Bg7 19. Ra2 Rb4 20. b3 Na4 21. Rxa4 Rxa4
22. bxa4 Qxa5 23. Bxd6 Bd7 24. Qb3 Rc8 25. Qb7 Qd8 26. Bxa6 c4 27. Qb4 Ra8 28.
Bxc4 Rxa4 29. Qb3 1-0

[Event "XXXVIII C.to Italiano"]
[Site "Castelvecchio Pascoli ITA"]
[Date "1977.10.??"]
[Round "10"]
[White "Trabattoni, Franco"]
[Black "Messa, Roberto"]
[Result "1/2-1/2"]
[WhiteElo "2265"]
[BlackElo "2055"]
[PlyCount "54"]
[EventDate "1977.10.13"]

1. Nf3 g6 2. g3 Bg7 3. Bg2 e5 4. d3 Ne7 5. c4 O-O 6. O-O Nbc6 7. Nc3 d6 8. Rb1
a5 9. a3 Bg4 10. h3 Bd7 11. b4 axb4 12. axb4 Qc8 13. Kh2 Nd4 14. Nxd4 exd4 15.
Ne4 Nf5 16. b5 Be5 17. f4 Bg7 18. b6 Ne3 19. Bxe3 dxe3 20. bxc7 Qxc7 21. Rxb7
Qxb7 22. Nf6+ Bxf6 23. Bxb7 Ra2 24. Bf3 Bd4 25. Qb3 Rd2 26. Qb7 Bf5 27. Qd5 Bc5
1/2-1/2

[Event "XXXVIII C.to Italiano"]
[Site "Castelvecchio Pascoli ITA"]
[Date "1977.10.??"]
[Round "10"]
[White "Zichichi, Alvise"]
[Black "Passerotti, Pierluigi"]
[Result "1-0"]
[WhiteElo "2350"]
[BlackElo "2380"]
[PlyCount "101"]
[EventDate "1977.10.13"]

1. e4 c5 2. Nf3 d6 3. c3 Nf6 4. Qc2 Qc7 5. Be2 g6 6. a4 Bg7 7. O-O O-O 8. Na3
a6 9. d3 b6 10. Bg5 h6 11. Be3 Bb7 12. h3 Nbd7 13. Qd2 Kh7 14. c4 Bc6 15. b3
Ng8 16. Rae1 Qb7 17. Qc2 Kh8 18. Rd1 e6 19. Nd2 f5 20. f4 Ndf6 21. Bf3 Ne7 22.
Nb5 Ne8 23. Nc3 d5 24. exd5 exd5 25. cxd5 Nxd5 26. Nxd5 Bxd5 27. Bxd5 Qxd5 28.
Nc4 Rb8 29. Ne5 Qe6 30. d4 cxd4 31. Bxd4 Kh7 32. Rfe1 Nd6 33. Nc6 Bxd4+ 34.
Nxd4 Qd7 35. Nf3 Rbd8 36. Ne5 Qc8 37. Qxc8 Nxc8 38. Nd7 Rh8 39. Re5 Kg7 40.
Red5 Rhe8 41. Nf6 Rxd5 42. Nxe8+ Kf8 43. Rxd5 Kxe8 44. g4 fxg4 45. hxg4 Ke7 46.
a5 b5 47. g5 h5 48. f5 gxf5 49. Rxf5 Nd6 50. Rf4 Nf7 51. g6 1-0

[Event "XXXVIII C.to Italiano"]
[Site "Castelvecchio Pascoli ITA"]
[Date "1977.10.??"]
[Round "11"]
[White "Mariotti, Sergio"]
[Black "Trabattoni, Franco"]
[Result "1/2-1/2"]
[WhiteElo "2490"]
[BlackElo "2265"]
[PlyCount "80"]
[EventDate "1977.10.13"]

1. d4 Nf6 2. Nf3 e6 3. g3 b6 4. Bg2 Bb7 5. O-O Be7 6. c4 O-O 7. Qc2 d6 8. Nc3
Nbd7 9. d5 e5 10. Ne1 Ne8 11. e4 a5 12. Nd3 Nc5 13. Nxc5 bxc5 14. Bd2 Bc8 15.
Rae1 g6 16. f4 Bf6 17. f5 Bg5 18. Re2 Bxd2 19. Qxd2 Qf6 20. h4 Ng7 21. Qh6 Nh5
22. Kh2 Qg7 23. Qxg7+ Kxg7 24. Bf3 Nf6 25. g4 h6 26. Kg3 g5 27. Rh2 Ba6 28. b3
a4 29. Bd1 axb3 30. axb3 Bc8 31. Rff2 Bd7 32. Ra2 Rfb8 33. hxg5 hxg5 34. Kf3
Be8 35. Ke3 Bd7 36. Kd3 Rh8 37. Rxh8 Rxh8 38. Ra7 Rh3+ 39. Kc2 Rh2+ 40. Kc1 Ne8
1/2-1/2

[Event "XXXVIII C.to Italiano"]
[Site "Castelvecchio Pascoli ITA"]
[Date "1977.10.??"]
[Round "11"]
[White "Messa, Roberto"]
[Black "Zichichi, Alvise"]
[Result "0-1"]
[WhiteElo "2055"]
[BlackElo "2350"]
[PlyCount "82"]
[EventDate "1977.10.13"]

1. e4 c5 2. d4 cxd4 3. c3 dxc3 4. Nxc3 Nc6 5. Nf3 e6 6. Bc4 a6 7. O-O d6 8. Qe2
b5 9. Bb3 Ra7 10. Rd1 Rd7 11. Bf4 Be7 12. Rac1 Na5 13. e5 Nxb3 14. axb3 d5 15.
Nd4 Bb7 16. Qg4 g6 17. Nce2 Rc7 18. Nxe6 fxe6 19. Nd4 Bc8 20. Nxe6 Bxe6 21.
Qxe6 Qd7 22. Qxa6 Ra7 23. Qb6 Bd8 24. Qd4 Qb7 25. e6 Nf6 26. Be5 O-O 27. Bxf6
Bxf6 28. Qxd5 Qxd5 29. Rxd5 Bxb2 30. Rf1 b4 31. Rb5 Bd4 32. Rxb4 Bxf2+ 33. Kh1
Bc5 34. Rxf8+ Bxf8 35. Ra4 Rxa4 36. bxa4 Bc5 37. g4 Kf8 38. h4 Ke7 39. h5 g5
40. Kg2 Kxe6 41. Kf3 Ke5 0-1

[Event "XXXVIII C.to Italiano"]
[Site "Castelvecchio Pascoli ITA"]
[Date "1977.10.??"]
[Round "11"]
[White "Passerotti, Pierluigi"]
[Black "Cappello, Renato"]
[Result "0-1"]
[WhiteElo "2380"]
[BlackElo "2345"]
[PlyCount "80"]
[EventDate "1977.10.13"]

1. e4 e5 2. Nf3 Nc6 3. Bb5 a6 4. Ba4 Nf6 5. O-O Be7 6. Re1 b5 7. Bb3 O-O 8. c3
d5 9. exd5 Nxd5 10. Nxe5 Nxe5 11. Rxe5 Nf6 12. Re1 Bd6 13. d4 Ng4 14. h3 Qh4
15. Qf3 Nxf2 16. Qxf2 Bh2+ 17. Kf1 Bg3 18. Qd2 Bxh3 19. Re3 Bf5 20. Rxg3 Qxg3
21. Qf2 Qh2 22. Bf4 Qh1+ 23. Qg1 Qh5 24. Kf2 Rae8 25. Bd1 Bg4 26. Bf3 Qf5 27.
Qc1 Re6 28. Be5 Bxf3 29. gxf3 f6 30. Bg3 Rfe8 31. Qd1 Qg5 32. Bxc7 Re2+ 33.
Qxe2 Rxe2+ 34. Kxe2 Qg2+ 35. Kd3 Qxb2 36. d5 Qxa1 37. Nd2 Qxa2 38. d6 Qd5+ 39.
Ke3 a5 40. Ne4 a4 0-1

[Event "XXXVIII C.to Italiano"]
[Site "Castelvecchio Pascoli ITA"]
[Date "1977.10.??"]
[Round "11"]
[White "Rupeni, Franco"]
[Black "Tatai, Stefano"]
[Result "1/2-1/2"]
[WhiteElo "2105"]
[BlackElo "2480"]
[PlyCount "44"]
[EventDate "1977.10.13"]

1. e4 c5 2. Nf3 d6 3. Bb5+ Nd7 4. d4 Ngf6 5. e5 Qa5+ 6. Nc3 Ne4 7. Bd2 Nxc3 8.
Bxd7+ Bxd7 9. Bxc3 Qa6 10. d5 Bg4 11. e6 fxe6 12. h3 Bxf3 13. Qxf3 exd5 14.
Qh5+ Kd7 15. Qxd5 Qc6 16. Qd3 e5 17. O-O Kc7 18. b4 cxb4 19. Bxb4 Rc8 20. Rab1
Kb8 21. Rb2 Ka8 22. Rfb1 b6 1/2-1/2

[Event "XXXVIII C.to Italiano"]
[Site "Castelvecchio Pascoli ITA"]
[Date "1977.10.??"]
[Round "11"]
[White "Spinetti, Paolo"]
[Black "Cosulich, Roberto"]
[Result "0-1"]
[WhiteElo "2110"]
[BlackElo "2425"]
[PlyCount "56"]
[EventDate "1977.10.13"]

1. Nf3 Nf6 2. c4 d6 3. Nc3 g6 4. g3 Bg7 5. Bg2 O-O 6. O-O Nc6 7. d4 a6 8. d5
Na5 9. Qd3 c5 10. dxc6 Nxc6 11. a3 Rb8 12. Bf4 Bg4 13. Rac1 Nd7 14. b3 Qa5 15.
Na4 Bxf3 16. exf3 Nde5 17. Bxe5 Nxe5 18. Qc2 b5 19. cxb5 axb5 20. f4 Ng4 21.
Nc3 Rbc8 22. b4 Qxa3 23. Nxb5 Rxc2 24. Nxa3 Rxc1 25. Rxc1 Bb2 26. Rc7 Bxa3 27.
h3 Nf6 28. b5 Rb8 0-1

[Event "XXXVIII C.to Italiano"]
[Site "Castelvecchio Pascoli ITA"]
[Date "1977.10.??"]
[Round "11"]
[White "Valenti, Giuseppe"]
[Black "De Eccher, Stefano"]
[Result "1-0"]
[WhiteElo "2240"]
[BlackElo "2110"]
[PlyCount "49"]
[EventDate "1977.10.13"]

1. e4 c5 2. Nf3 d6 3. d4 cxd4 4. Nxd4 Nf6 5. Nc3 g6 6. Be3 Bg7 7. f3 Nc6 8. Bc4
O-O 9. Qd2 Bd7 10. h4 Qa5 11. O-O-O Rfc8 12. Bb3 Ne5 13. g4 Nc4 14. Bxc4 Rxc4
15. h5 Rac8 16. Nb3 Qa6 17. hxg6 fxg6 18. Kb1 Be6 19. Bd4 b5 20. g5 Rxd4 21.
Nxd4 b4 22. Nd5 Nxd5 23. Nxe6 Nc3+ 24. bxc3 Rxc3 25. Qd5 1-0

[Event "XXXVIII C.to Italiano"]
[Site "Castelvecchio Pascoli ITA"]
[Date "1977.10.??"]
[Round "12"]
[White "De Eccher, Stefano"]
[Black "Spinetti, Paolo"]
[Result "1-0"]
[WhiteElo "2110"]
[BlackElo "2110"]
[PlyCount "121"]
[EventDate "1977.10.13"]

1. e4 e6 2. d3 d5 3. Nd2 b6 4. g3 Bb7 5. Bg2 Nf6 6. Qe2 Be7 7. Ngf3 O-O 8. O-O
c5 9. e5 Nfd7 10. Re1 Nc6 11. Nf1 Rc8 12. c3 d4 13. c4 Rc7 14. h4 Qa8 15. Bf4
Rcc8 16. N1h2 Rce8 17. Bh3 Nd8 18. Bg5 f6 19. exf6 Bxf6 20. Bxf6 Rxf6 21. Ng5
Re7 22. Ng4 Rg6 23. f4 h5 24. Ne5 Nxe5 25. Qxe5 Qc8 26. Qe2 Qc6 27. Bg2 Qxg2+
28. Qxg2 Bxg2 29. Kxg2 Nf7 30. Nxf7 Kxf7 31. Re5 Rh6 32. Rae1 Rh8 33. Kf3 g6
34. Rg1 Kf6 35. a3 a5 36. Rb1 Ra7 37. Ke2 Rc8 38. Kd2 Rb7 39. b4 axb4 40. axb4
Ra7 41. bxc5 bxc5 42. Rb6 Ra2+ 43. Ke1 Re8 44. Rxc5 Rea8 45. Rcc6 Ra1+ 46. Kf2
R8a2+ 47. Kf3 Rf1+ 48. Ke4 Re1+ 49. Kxd4 Rg2 50. Rc5 Rxg3 51. Re5 Rxe5 52.
fxe5+ Kf5 53. c5 Rg4+ 54. Kc3 Kxe5 55. d4+ Rxd4 56. Rxe6+ Kxe6 57. Kxd4 Kd7 58.
Kd5 Kc7 59. c6 g5 60. hxg5 h4 61. Ke4 1-0

[Event "XXXVIII C.to Italiano"]
[Site "Castelvecchio Pascoli ITA"]
[Date "1977.10.??"]
[Round "12"]
[White "Messa, Roberto"]
[Black "Mariotti, Sergio"]
[Result "0-1"]
[WhiteElo "2055"]
[BlackElo "2490"]
[PlyCount "108"]
[EventDate "1977.10.13"]

1. e4 e5 2. Nf3 Nc6 3. Bb5 g6 4. O-O Bg7 5. c3 d6 6. d4 Bd7 7. Na3 Nge7 8. Nc2
O-O 9. Bc4 h6 10. Nfe1 exd4 11. cxd4 d5 12. exd5 Na5 13. Be2 Nxd5 14. Nf3 Nc6
15. Bd2 Re8 16. Re1 Bf5 17. Ne3 Be4 18. Bc3 Nxe3 19. fxe3 Ne7 20. Nd2 Nd5 21.
Bf3 Bxf3 22. Qxf3 c5 23. Nb3 c4 24. Nd2 f5 25. Rad1 b5 26. e4 fxe4 27. Nxe4 b4
28. Bd2 a5 29. Qh3 Qc8 30. Qg3 Qf5 31. Nd6 Rxe1+ 32. Bxe1 Qh5 33. Qf3 Qxf3 34.
gxf3 Ne3 35. Rd2 c3 36. bxc3 bxc3 37. Rd3 c2 38. Bd2 Nd5 39. Kf1 Rb8 40. Rb3
Rxb3 41. axb3 Bxd4 42. Nc4 Kg7 43. Ke2 Nb4 44. Bc1 Bc3 45. f4 Kf6 46. Bd2 Kf5
47. Ne3+ Ke4 48. Nxc2 Bxd2 49. Kxd2 Nxc2 50. Kxc2 Kxf4 51. Kc3 g5 52. Kc4 g4
53. Kb5 h5 54. Kxa5 h4 0-1

[Event "XXXVIII C.to Italiano"]
[Site "Castelvecchio Pascoli ITA"]
[Date "1977.10.??"]
[Round "12"]
[White "Tatai, Stefano"]
[Black "Taruffi, Daniele"]
[Result "1-0"]
[WhiteElo "2480"]
[BlackElo "2325"]
[PlyCount "121"]
[EventDate "1977.10.13"]

1. Nf3 Nf6 2. c4 e6 3. Nc3 b6 4. g3 Bb7 5. Bg2 Be7 6. O-O O-O 7. d4 Ne4 8. Qc2
Nxc3 9. Qxc3 c5 10. Rd1 Na6 11. Bf4 Rc8 12. Rac1 d5 13. Qe3 Qe8 14. Ne1 cxd4
15. Qxd4 Bc5 16. Qd2 Bb4 17. Qd3 e5 18. Be3 e4 19. Qb3 dxc4 20. Rxc4 Qe7 21.
Rcd4 Rfd8 22. Bh3 Rxd4 23. Rxd4 Rd8 24. Qd1 Rxd4 25. Bxd4 Bc5 26. Bxc5 Nxc5 27.
b4 Na6 28. a3 Nb8 29. Nc2 Nc6 30. Ne3 Qd8 31. Qxd8+ Nxd8 32. Kf1 Kf8 33. Ke1 g6
34. Kd2 Ke7 35. Nd1 Kd6 36. Nc3 Ke5 37. Ke3 f5 38. f4+ exf3 39. exf3 Bc6 40.
Bf1 g5 41. f4+ gxf4+ 42. gxf4+ Kd6 43. Bc4 Bd7 44. Bg8 h6 45. Bc4 Bc6 46. Ne2
Be4 47. Ba2 Ne6 48. Ng3 Nc7 49. Nxe4+ fxe4 50. Bc4 b5 51. Bb3 Nd5+ 52. Kxe4
Nc3+ 53. Kd3 Nb1 54. a4 Na3 55. a5 Nb1 56. Kc2 Na3+ 57. Kb2 Nc4+ 58. Bxc4 bxc4
59. Kc3 Kd5 60. b5 Kc5 61. f5 1-0

[Event "XXXVIII C.to Italiano"]
[Site "Castelvecchio Pascoli ITA"]
[Date "1977.10.??"]
[Round "12"]
[White "Toth, Bela"]
[Black "Passerotti, Pierluigi"]
[Result "0-1"]
[WhiteElo "2440"]
[BlackElo "2380"]
[PlyCount "82"]
[EventDate "1977.10.13"]

1. d4 Nf6 2. c4 c5 3. d5 e6 4. Nc3 exd5 5. cxd5 d6 6. Nf3 g6 7. Bg5 Bg7 8. e3
a6 9. a4 h6 10. Bh4 g5 11. Bg3 Nh5 12. Nd2 Nxg3 13. hxg3 Nd7 14. Nc4 Ne5 15.
Nxe5 Bxe5 16. Qc2 Bd7 17. Bd3 b5 18. axb5 axb5 19. Rxa8 Qxa8 20. O-O b4 21. Ne4
Ke7 22. f4 gxf4 23. gxf4 Bg7 24. Ng3 Rb8 25. Bc4 b3 26. Bxb3 Rb4 27. Bc4 Bxb2
28. Bd3 Qxd5 29. Bf5 Ba4 30. Qf2 Bf6 31. Bh3 Kd8 32. Qe2 Kc7 33. Qg4 Rb8 34.
Kh1 Qc4 35. e4 h5 36. Qxh5 Rg8 37. Rf3 Bd1 38. Qf5 Bxf3 39. Qxf6 Rxg3 40. Qe7+
Kb6 41. Qd8+ Kb5 0-1

[Event "XXXVIII C.to Italiano"]
[Site "Castelvecchio Pascoli ITA"]
[Date "1977.10.??"]
[Round "12"]
[White "Trabattoni, Franco"]
[Black "Valenti, Giuseppe"]
[Result "1-0"]
[WhiteElo "2265"]
[BlackElo "2240"]
[PlyCount "91"]
[EventDate "1977.10.13"]

1. e4 c5 2. Nf3 d6 3. d4 cxd4 4. Nxd4 Nf6 5. Nc3 a6 6. Bg5 e6 7. f4 Be7 8. Qf3
Qc7 9. O-O-O Nbd7 10. Bd3 h6 11. Qh3 Nf8 12. Nf3 Ng6 13. Bxf6 Nxf4 14. Qg3
Nxd3+ 15. Rxd3 Bxf6 16. e5 dxe5 17. Ne4 Qe7 18. Nd6+ Kf8 19. Rf1 e4 20. Nxe4
Bd7 21. Ne5 Bb5 22. c4 Rc8 23. Rc3 Bc6 24. Nd6 Qxd6 25. Ng6+ fxg6 26. Qxd6+ Kf7
27. Re3 Rhe8 28. Re2 Rcd8 29. Qe5 Kg8 30. Rxf6 gxf6 31. Qxf6 Rd7 32. Qxg6+ Rg7
33. Qxh6 Bxg2 34. Rxe6 Rxe6 35. Qxe6+ Kh7 36. b4 Bc6 37. b5 axb5 38. cxb5 Bh1
39. a4 Rg6 40. Qf5 Kh6 41. Kb2 Bg2 42. Kc3 Rg8 43. Kb4 Rg6 44. h4 Rg8 45. Qf6+
Rg6 46. Qh8# 1-0

[Event "XXXVIII C.to Italiano"]
[Site "Castelvecchio Pascoli ITA"]
[Date "1977.10.??"]
[Round "13"]
[White "Cappello, Renato"]
[Black "Toth, Bela"]
[Result "0-1"]
[WhiteElo "2345"]
[BlackElo "2440"]
[PlyCount "86"]
[EventDate "1977.10.13"]

1. e4 e5 2. Nf3 Nf6 3. Nxe5 d6 4. Nf3 Nxe4 5. d3 Nf6 6. d4 Bf5 7. Bd3 Bxd3 8.
Qxd3 c6 9. O-O Be7 10. Bg5 O-O 11. Re1 Nbd7 12. Nbd2 Re8 13. Re2 h6 14. Bh4 Qc7
15. Rae1 Bf8 16. h3 Rxe2 17. Rxe2 Re8 18. Rxe8 Nxe8 19. g4 d5 20. Qe3 Ndf6 21.
Bg3 Qa5 22. a3 Nd6 23. Be5 Nfe4 24. Bxd6 Nxd6 25. Ne5 Qa4 26. Nb3 Nc4 27. Qf4
Nxe5 28. Qxe5 Qc4 29. Na5 Qxc2 30. Nxb7 Qxb2 31. Nd8 Qxa3 32. Qf5 Qe7 33. Nxc6
Qd6 34. Nxa7 Qb6 35. Qd7 Qxd4 36. Nc6 Qe4 37. Nd8 Qf3 38. Qe8 Qf6 39. Nc6 g6
40. Ne5 Kg7 41. Nd7 Qa1+ 42. Kg2 Bd6 43. Qd8 Qd4 0-1

[Event "XXXVIII C.to Italiano"]
[Site "Castelvecchio Pascoli ITA"]
[Date "1977.10.??"]
[Round "13"]
[White "Passerotti, Pierluigi"]
[Black "Tatai, Stefano"]
[Result "1/2-1/2"]
[WhiteElo "2380"]
[BlackElo "2480"]
[PlyCount "26"]
[EventDate "1977.10.13"]

1. e4 e6 2. d4 d5 3. exd5 exd5 4. Bd3 Bd6 5. Ne2 Ne7 6. Bf4 Bf5 7. Nbc3 c6 8.
O-O O-O 9. Bxf5 Nxf5 10. Bxd6 Nxd6 11. Ng3 Qf6 12. Qd3 Nd7 13. Rae1 Rae8
1/2-1/2

[Event "XXXVIII C.to Italiano"]
[Site "Castelvecchio Pascoli ITA"]
[Date "1977.10.??"]
[Round "13"]
[White "Rupeni, Franco"]
[Black "De Eccher, Stefano"]
[Result "1/2-1/2"]
[WhiteElo "2105"]
[BlackElo "2110"]
[PlyCount "28"]
[EventDate "1977.10.13"]

1. e4 e5 2. Nf3 Nc6 3. Nc3 Nf6 4. d3 d6 5. Be2 Be7 6. Bd2 Bd7 7. Qc1 Qc8 8. Kf1
Kf8 9. h3 b5 10. b4 a5 11. a4 g5 12. g4 h6 13. Kg2 Nxe4 14. Nxe5 Kg7 1/2-1/2

[Event "XXXVIII C.to Italiano"]
[Site "Castelvecchio Pascoli ITA"]
[Date "1977.10.??"]
[Round "13"]
[White "Spinetti, Paolo"]
[Black "Trabattoni, Franco"]
[Result "1/2-1/2"]
[WhiteElo "2110"]
[BlackElo "2265"]
[PlyCount "24"]
[EventDate "1977.10.13"]

1. Nf3 Nf6 2. c4 e6 3. Nc3 c5 4. e4 d6 5. g3 Nc6 6. Bg2 Be7 7. O-O O-O 8. d4
cxd4 9. Nxd4 a6 10. Nxc6 bxc6 11. e5 dxe5 12. Bxc6 Rb8 1/2-1/2

[Event "XXXVIII C.to Italiano"]
[Site "Castelvecchio Pascoli ITA"]
[Date "1977.10.??"]
[Round "13"]
[White "Taruffi, Daniele"]
[Black "Cosulich, Roberto"]
[Result "1/2-1/2"]
[WhiteElo "2325"]
[BlackElo "2425"]
[PlyCount "23"]
[EventDate "1977.10.13"]

1. e4 c5 2. c4 Nc6 3. Nc3 g6 4. g3 Bg7 5. Bg2 e6 6. Nge2 Nge7 7. O-O O-O 8. Rb1
d6 9. a3 b6 10. b4 Bb7 11. d3 Qd7 12. Qb3 1/2-1/2